Normal view
MARC view
- دوس، جيمس س مؤلف/عبد العزيز، صالح مترجم/غلاب، محمد السيد مترجم/مصطفى، محمد علي مراجع
Entry Personal Name
001 - CONTROL NUMBER
- control field: 37492
003 - CONTROL NUMBER IDENTIFIER
- control field: JO-AjAnu
005 - DATE AND TIME OF LATEST TRANSACTION
- control field: 20230606080242.0
008 - FIXED-LENGTH DATA ELEMENTS
- fixed length control field: 230606|| aca||aabn | a|a d
040 ## - CATALOGING SOURCE
- Original cataloging agency: JO-AjAnu
- Transcribing agency: JO-AjAnu
100 ## - HEADING--PERSONAL NAME
- Personal name: دوس، جيمس س مؤلف/عبد العزيز، صالح مترجم/غلاب، محمد السيد مترجم/مصطفى، محمد علي مراجع
670 ## - SOURCE DATA FOUND
- Source citation: Work cat.: (JO-AjAnu)19238: دوس، جيمس س مؤلف/عبد العزيز، صالح مترجم/غلاب، محمد السيد مترجم/مصطفى، محمد علي مراجع, author, الأسس العامة لنظريات التربية